000 00483nam a2200157 4500
999 _c5831
_d5831
008 161122b xxu||||| |||| 00| 0 eng d
022 _a9770118389007
082 _aDPer 641.05 F73 Mar-Jul 2013
100 _917738
_aDe Rivera, Angeli
245 _aBaguio in revival/
_cAngeli De Rivera.
260 _aQuezon City:
_bABS CBN Publishing, Inc.,
_c©2013.
300 _apages 52-60;
_c30 cm.
500 _aFood.
650 0 _917739
_aTravel and voyages
_xFood
942 _2ddc
_cPER